000 00894nam a22003490a 4500
001 PT28958
003 AR-LpoUNG
005 20210131233452.0
008 191001s1975||||mx |||||||||||||||||spa d
040 _aAR-LpoUNG
_bspa
_cAR-LpoUNG
_eaacr
041 _aspa
044 _amx
082 0 _a982.064 74exa
100 1 _aEscobar, Justo
245 1 0 _aExámen de la violencia argentina
250 _a1§ edición
260 _aMéxico, D. F. :
_bFondo de Cultura Económica,
_c1975.
300 _a187 p. :
_bil., gráfs., mapas
650 4 _aARGENTINA
650 4 _aASPECTOS POLITICOS
650 4 _aDERECHOS HUMANOS
650 4 _aIDEOLOGIAS POLITICAS
650 4 _aREVOLUCION
650 4 _aSOCIEDAD
650 4 _aTERRORISMO
650 4 _aVIOLENCIA
651 4 _aArgentina
653 _aPERONISMO
700 1 _aVelázquez, Sebastián
905 _a28958
942 _cLIB
999 _c20791
_d20791